000 01158nam2a22002531 4500
001 v19\rc\1569447
005 20250618201647.0
035 _a(NLR Aleph) 004691239
090 _a3937837
_c3937837
100 _a20061002d1893 |||y0rusy50 ca
101 0 _arus
102 _aRU
105 _ay z |||c|
200 1 _aШкольные очерки
210 _d1893
_aБ. м.
215 _a[2], 91, [9] с.
461 0 _1001v19\rc\1569444
_12001#$aОтчет Кременчугской уездной земской управы по народному образованию...$vза 1892-93-й учебный год. Приложение...
_93937801
_aКременчугская уездная земская управа
_cКременчуг
_d1892-1900
_tОтчет Кременчугской уездной земской управы по народному образованию...
_vза 1892-93-й учебный год. Приложение...
801 0 _aRU
_bNLR
_gpsbo
801 0 _aRU
_bRuMoRGB
_2psbo
801 1 _aRU
_bProSoft-M
_2rusmarc
852 _aNLR
_bЗем
_j31-7/О2
899 _aRuMoRGB (1893-1909*)
_jV 19/68
942 _cBOOK
980 _aNB